Top 15 Childish Gambino Songs - Statistics

General Stats
  • This quiz has been taken 153 times
  • The average score is 5 of 15
Answer Stats
# Song Album % Correct
3 Redbone Awaken, My Love!
92%
1 3005 Because The Internet
86%
7 Me and Your Mama Awaken, My Love!
70%
2 Sober Kauai
66%
10 Heartbeat Camp
54%
6 The Worst Guys Because The Internet
28%
13 Pop Thieves (Make It Feel Good) Kauai
18%
8 Sunrise Camp
15%
4 Do Ya Like Culdesac
13%
15 Zealots of Stockholm Because The Internet
12%
11 So Fly Culdesac
6%
5 Candler Road STN MTN
4%
9 One Up Royalty
4%
12 American Royalty Royalty
2%
14 Yaphet Kotto N/A
1%
No matching quizzes found
Score Distribution
Percent of People with Each Score
Percentile by Number Answered
Your Score History
You have not taken this quiz